000 00224 a2200109 4500
001 125646
020 _a7891219016936
040 _cEscola Canadense de Niteroi
090 _aMP
245 1 0 _aMemória Alfabeto
942 _cMATP
999 _c125646
_d125646